|
|
|
|
| LEADER |
00000nam0a2200000 4500 |
| 001 |
324638 |
| 005 |
20260325164649.0 |
| 035 |
|
|
|a (RuTPU)RU\TPU\book\350236
|
| 090 |
|
|
|a 324638
|
| 100 |
|
|
|a 20161118d1973 km y0rusy50 ca
|
| 101 |
0 |
|
|a rus
|
| 102 |
|
|
|a RU
|
| 105 |
|
|
|a a a 001zb
|
| 200 |
1 |
|
|a Каталог прижизненных изданий произведений В. И. Ленина в фондах научной библиотеки Ленинградского университета
|f Ленинградский государственный университет (ЛГУ), Научная библиотека им. М. Горького ; сост. А. Х. Горфункель
|
| 210 |
|
|
|a Ленинград
|c Изд-во Ленинградского ун-та
|d 1973
|
| 215 |
|
|
|a 39 с.
|c ил.
|
| 225 |
1 |
|
|a Из книг библиотеки Ленинградского университета
|
| 320 |
|
|
|a Алфавитный указатель произведений В. И. Ленина: с. 26-31
|
| 320 |
|
|
|a Хронологический указатель трудов: с. 32-37
|
| 320 |
|
|
|a Хронологический указатель изданий: с. 38
|
| 320 |
|
|
|a Указатель издательств и издающих коллективов: с. 38-39
|
| 320 |
|
|
|a Указатель псевдонимов В. И. Ленина: с. 39
|
| 600 |
|
1 |
|a Ленин
|b В. И.
|c настоящая фамилия Ульянов
|c российский политический деятель
|f 1870-1924
|g Владимир Ильич
|2 stltpush
|3 (RuTPU)RU\TPU\pers\1074
|9 486
|
| 606 |
|
|
|a Ленин В. И.
|x Библиография произведений
|7 ca
|8 rus
|2 stltpush
|3 (RuTPU)RU\TPU\subj\74145
|9 86652
|
| 610 |
1 |
|
|a прижизненные издания
|
| 610 |
1 |
|
|a каталоги
|
| 610 |
1 |
|
|a Ленинградский университет
|
| 610 |
1 |
|
|a научная библиотека
|
| 686 |
|
|
|a Т3(2)6-8Ленин195
|2 rubbk
|
| 702 |
|
1 |
|a Горфункель
|b А. Х.
|4 220
|
| 712 |
0 |
2 |
|a Ленинградский государственный университет (ЛГУ)
|b Научная библиотека им. М. Горького
|3 (RuTPU)RU\TPU\col\14422
|
| 801 |
|
1 |
|a RU
|b 63413507
|c 20161118
|
| 801 |
|
2 |
|a RU
|b 63413507
|c 20171201
|g RCR
|
| 942 |
|
|
|c BK
|